Top 100 TV Episodes of All Time - Statistics

General Stats
  • This quiz has been taken 1,848 times
  • The average score is 24 of 100
Answer Stats
Rank Year Episode TV Show % Correct
23. 1998 "The One with the Embryos" Friends
88%
27. 1993 "Krusty Gets Kancelled" The Simpsons
76%
4. 1952 "Lucy Does a TV Commercial" I Love Lucy
75%
1. 1992 "The Contest Seinfeld
74%
95. 1976 "Fonzie Loves Pinky: Part 1" Happy Days
64%
96. 1976 "Fonzie Loves Pinky: Part 2" Happy Days
64%
97. 1976 "Fonzie Loves Pinky: Part 3" Happy Days
64%
32. 1983 "Show Down: Part 1" Cheers
59%
33. 1983 "Show Down: Part 2" Cheers
59%
5. 2004 "Pilot: Part 1" Lost
54%
6. 2004 "Pilot: Part 2" Lost
54%
22. 1975 "Abyssinia, Henry" MASH
53%
36. 2006 "Development Arrested" Arrested Development
52%
13. 1978 "Steve Martin/The Blues Brothers" Saturday Night Live
51%
11. 2002 "11:00 p.m.-12:00 a.m." 24
48%
35. 1998 "The Ski Lodge" Frasier
47%
62. 2006 "Slap Bet" How I Met Your Mother
44%
7. 1995 "Love's Labor Lost" ER
43%
2. 1999 "College" The Sopranos
43%
21. 2005 "Diversity Day" The Office
42%
10. 1971 "Cousin Maude's Visit" All in the Family
40%
66. 2008 "The Bath Item Gift Hypothesis" The Big Bang Theory
40%
16. 1984 "Goodbye, Mr. Fish" The Cosby Show
37%
76. 1980 "A House Divided" Dallas
34%
19. 2005 "Trapped in the Closet" South Park
34%
3. 1975 "Chuckles Bites the Dust" Mary Tyler Moore
32%
88. 1967 "The City on the Edge of Forever" Star Trek
32%
40. 1990 "The Best of Both Worlds: Part 1" Star Trek: The Next Generation
32%
52. 2005 "Grave Danger: Volume 1" CSI:Crime Scene Investigation
31%
53. 2005 "Grave Danger: Volume 2" CSI:Crime Scene Investigation
31%
69. 2006 "Losing My Religion" Grey's Anatomy
31%
20. 1963 "Opie the Birdman" The Andy Griffith Show
31%
46. 2001 "Marie's Sculpture" Everybody Loves Raymond
29%
9. 2007 "Nixon vs. Kennedy" Mad Men
29%
37. 1993 "A Stash From the Past" Roseanne
29%
15. 2001 "Once More, with Feeling" Buffy the Vampire Slayer
28%
68. 1991 "Life Choice" Law & Order
28%
82. 1999 "Homo for the Holidays" Will & Grace
28%
44. 2001 "Two Cathedrals" The West Wing
27%
73. 2005 "Three Stories" House M.D.
26%
57. 1979 "Reverend Jim: A Space Odyssey" Taxi
25%
12. 1959 "Time Enough at Last" Twilight Zone
25%
39. 1995 "Clyde Bruckman's Final Repose" The X-Files
24%
29. 2006 "Final Grades" The Wire
23%
55. 2007 "The British Invasion" Dexter
21%
74. 1983 "The Threat" Dynasty
21%
84. 1985 "The Real Thing: Part 2" Family Ties
21%
86. 1999 "I Will Remember You" Angel
20%
94. 2007 "My Musical" Scrubs
20%
77. 2003 "Pick-A-Little, Talk-A-Little" Sex and the City
19%
24. 2005 "Everyone's Waiting" Six Feet Under
18%
14. 1963 "It May Look Like a Walnut" The Dick Van Dyke Show
18%
70. 1992 "You Say Potatoe, I Say Potato: Part 1" Murphy Brown
16%
71. 1992 "You Say Potatoe, I Say Potato: Part 2" Murphy Brown
16%
31. 2007 "Black Tie" 30 Rock
15%
50. 1997 "The Puppy Episode: Part 1" Ellen
15%
51. 1997 "The Puppy Show: Part 2" Ellen
15%
34. 1998 "Hearts and Souls" NYPD Blue
15%
8. 1955 "Better Living Through TV" The Honeymooners
15%
63. 1982 "Freedom's Last Stand" Hill Street Blues
14%
43. 1988 "Pilot" The Wonder Years
14%
60. 1990 "Pilot" Twin Peaks
14%
78. 1978 "I'll Be Waving as You Drive Away: Part 1" Little House on the Prairie
12%
79. 1978 "I'll Be Waving as You Drive Away: Part 2" Little House on the Prairie
12%
61. 2005 "One Wonderful Day" Desperate Housewives
11%
83. 2004 "Raincoats and Recipes" Gilmore Girls
11%
67. 1991 "Good to the Last Drop" L.A. Law
10%
25. 1986 "Time Heals: Part 1" St. Elsewhere
10%
26. 1986 "Time Heals: Part 2" St. Elsewhere
10%
85. 1973 "The Easter Story" The Waltons
10%
87. 1976 "Angels in Chains" Charlie's Angels
9%
45. 2000 "Carded and Discarded" Freaks and Geeks
9%
91. 1974 "Black Jesus" Good Times
9%
75. 2007 "Company Man" Heroes
9%
100. 2001 "Bowling" Malcolm in the Middle
9%
72. 1978 "Turkeys Away" WKRP in Cincinnati
9%
30. 2002 "The Special Section" Curb Your Enthusiasm
8%
93. 1994 "The B*tch Is Back" Melrose Place
8%
47. 2009 "Blood on the Scales" Battlestar Galactica
7%
41. 1975 "Over the River and Through the Woods" The Bob Newhart Show
7%
17. 1967 "The Judgement: Part I" The Fugitive
7%
18. 1967 "The Judgement: Part II" The Fugitive
7%
98. 1982 "Did You See the Sun Rise?" Magnum, P.I.
6%
49. 1981 "17 November 1981" General Hospital
5%
54. 1986 "Atomic Shakespeare" Moonlighting
5%
42. 2008 "Possible Kill Screen" The Shield
5%
92. 2003 "The Telling" Alias
4%
80. 1966 "Better Luck Next Time" Batman
4%
48. 1994 "Self-Esteem" My So-Called Life
4%
89. 2003 "Rosetta" Smallville
4%
64. 1972 "Password" The Odd Couple
4%
81. 1964 "Demon with a Glass Hand" The Outer Limits
4%
38. 1991 "Second Look" thirtysomething
4%
59. 1976 "Episode #10.8" The Carol Burnett Show
3%
65. 1958 "Lamb to the Slaughter" Alfred Hitchcock Presents
2%
28. 1997 "The Subway" Homicide: Life on the Street
2%
58. 2007 "Because I Know Patty" Damages
1%
90. 2001 "Revenging Angel" Farscape
1%
56. 1998 "Flip" The Larry Sanders Show
1%
99. 1989 "Orphans" Beauty and the Beast
0%
No matching quizzes found
Score Distribution
Percent of People with Each Score
Percentile by Number Answered
Your Score History
You have not taken this quiz